[Event "SVK-chT3B2 1819"]
[Site "Slovakia"]
[Date "2019.03.24"]
[Round "10.5"]
[White "Drazo, Pavol"]
[Black "Krajcovic, Miroslav"]
[Result "1-0"]
[WhiteElo "1789"]
[BlackElo "1683"]
[PlyCount "57"]
[EventDate "2018.10.21"]
[EventType "team-tourn"]
[EventRounds "11"]
[EventCountry "SVK"]
[SourceTitle "CBM 189 Extra"]
[Source "ChessBase"]
[SourceDate "2019.06.03"]
[SourceVersion "1"]
[SourceVersionDate "2019.06.03"]
[SourceQuality "1"]
[WhiteTeam "Bojnice"]
[BlackTeam "Povazske Podhradie "]
[WhiteTeamCountry "SVK"]
[BlackTeamCountry "SVK"]

1. e4 e5 2. Nf3 Nc6 3. Nc3 Nf6 4. d4 d6 5. d5 Nb8 6. h3 Be7 7. Be3 0-0 8. Qd2 c6 9. Be2 cxd5 10. exd5 Bf5 11. g4 Bc8 12. 0-0-0 Nbd7 13. g5 Ne8 14. h4 Nc5 15. Bxc5 dxc5 16. Nxe5 Bd6 17. f4 Bf5 18. Bd3 Qc8 19. h5 f6 20. Nc4 Bg4 21. Rdf1 Bf5 22. Ne4 Bxe4 23. Bxe4 f5 24. Bg2 Qd7 25. Ne5 Qc7 26. Re1 Rd8 27. Qc3 b5 28. h6 g6 29. Nxg6 1-0

[Event "SVK-chT3B2 1718"]
[Site "Slovakia"]
[Date "2017.12.03"]
[Round "5.6"]
[White "Krajcovic, Miroslav"]
[Black "Sokol, Eduard"]
[Result "1-0"]
[WhiteElo "1740"]
[BlackElo "1685"]
[PlyCount "107"]
[EventDate "2017.10.08"]
[EventType "team-tourn"]
[EventRounds "11"]
[EventCountry "SVK"]
[SourceTitle "EXT 2019"]
[Source "ChessBase"]
[SourceDate "2018.10.10"]
[SourceVersion "1"]
[SourceVersionDate "2018.10.10"]
[SourceQuality "1"]
[WhiteTeam "Povazske Podhradie II"]
[BlackTeam "Prievidza II"]
[WhiteTeamCountry "SVK"]
[BlackTeamCountry "SVK"]

1. e4 c5 2. Nf3 d6 3. d4 cxd4 4. Nxd4 Nf6 5. Nc3 Nc6 6. Bb5 Bd7 7. Bg5 e6 8. 0-0 Be7 9. Re1 Qc7 10. a3 0-0 11. Qd2 Rfe8 12. Rad1 Rad8 13. Qd3 Ne5 14. Qg3 a6 15. Bf1 Nh5 16. Qe3 Nc4 17. Bxc4 Qxc4 18. Bxe7 Rxe7 19. Qg5 Nf6 20. Rd3 h6 21. Qd2 Ne8 22. Rd1 Qc5 23. Nce2 Qh5 24. Ng3 Qg6 25. Nb3 Rc8 26. Qb4 Bb5 27. R3d2 Rec7 28. Nd4 Rc4 29. Qb3 R4c5 30. Qe3 Bd7 31. c3 Ba4 32. Re1 Nc7 33. Nge2 Re5 34. Nc1 d5 35. f3 dxe4 36. fxe4 Nd5 37. Qf2 Nf6 38. Rde2 Rxe4 39. Rxe4 Nxe4 40. Qf4 Nc5 41. h3 Be8 42. Re3 Qb1 43. Rg3 Qh7 44. Nce2 Ne4 45. Rf3 Ng5 46. Re3 Qb1+ 47. Kh2 Kf8 48. h4 Nh7 49. Nxe6+ Kg8 50. N6d4 Qg6 51. Rg3 Qf6 52. Qg4 Rc5 53. Nf4 Qe5 54. Nd3 1-0